000
00233nam a22001097a 4500
082
_a
INA
100
_a
Inaam Ur Rehman
245
_a
Aorat jaraim ki daldal main
260
_a
Lahore
_b
Singmail pub
_c
1988
300
_a
317
942
_c
BK
999
_c
14641
_d
14641